000 00283nam a22001337a 4500
008 210226b ||||| |||| 00| 0 eng d
020 _a2900697076549
041 _aeng
080 _23th
_a510
100 _a36
101 _aMAT
245 _aALgebra
_cWesner,H.T
942 _2udc
_cBK
999 _c55304
_d55304